000 00608nam a2200229Ia 4500
001 2083
005 20240113233527.0
007 ta
008 050219s1902 a g b000 u eng u
040 _aRef. stack
041 _aeng
082 _a633.7206
_bAs 72 R
110 _aAssam secretariat .
245 0 _aReport on tea culture in Assam for the year 1901 /
_cAssam secretariat.
_hReports
250 _a1st ed /
260 _aShillong :
_bAssam Secretariat ,
_c1902.
300 _a4p. :
_bill ;
_c32cm .
653 _aReport - tea culture
942 _2ddc
_cBK
999 _c2076
_d2076